Normal view
MARC view
Entry Nombre personal
001 - NÚMERO DE CONTROL
- campo de control: 22504
003 - IDENTIFICADOR DEL NÚMERO DE CONTROL
- campo de control: BNPHU
005 - FECHA Y HORA DE LA ÚLTIMA TRANSACCIÓN
- campo de control: 20240228125930.0
008 - DATOS DE LONGITUD FIJA
- campo de control de longitud fija: 200615|| aca||aabn | a|a d
040 ## - FUENTE DE LA CATALOGACIÓN
- Centro catalogador/agencia de origen: DO-SdBNP
- Lengua de catalogación: spa
- Centro/agencia transcriptor: BNPHU
- Normas de descripción: rda
100 1# - ENCABEZAMIENTO-NOMBRE DE PERSONA
- Nombre de persona: Fornerín, Miguel Ángel,
- Fechas asociadas al nombre: 1960-
370 ## - LUGAR ASOCIADO
- Lugar de nacimiento: Higuey (República Dominicana)
372 ## - CAMPO DE ACTIVIDAD
- Campo de actividad: Poeta
- Campo de actividad: Novelista
- Campo de actividad: Ensaysta
- Campo de actividad: Crítico literario
375 ## - GÉNERO/SEXO
- Género/Sexo: Masculino
377 ## - LENGUA/LENGUAJE ASOCIADO
- Código del idioma: spa
670 ## - FUENTE DE DATOS ENCONTRADOS
- Cita de la fuente: Fornerín, Miguel Ángel, Yo soy esta ciudad ;, 1996.
670 ## - FUENTE DE DATOS ENCONTRADOS
- Cita de la fuente: Detrás de los infiernos, 1997
